| 000 | 00000nam##2200000za#4500 |
| 001 | 9.581619 |
| 003 | CaOODSP |
| 005 | 20210624191612 |
| 007 | cr ||||||||||| |
| 008 | 150406|2015||||xxc|||||o f|0| 0 eng|d |
| 022 | |a1925-6493 |
| 040 | |aCaOODSP|beng |
| 043 | |an-cn--- |
| 086 | 1 |aCS82-624/2015001-2E-PDF |
| 245 | 00|aFood insecurity in Canada / |h[electronic resource]|cby Shirin Roshanafshar and Emma Hawkins. |
| 260 | |aOttawa - Ontario : |bStatistics Canada |cRelease date: March 25, 2015. |
| 300 | |a7p.|bgraphs, references |
| 490 | 1 |aHealth at a glance|x1925-6493 |
| 590 | |a15-13|b2015-03-27 |
| 710 | 2 |aStatistics Canada. |
| 775 | 08|tL'insécurité alimentaire au Canada / |w(CaOODSP)9.608389 |
| 830 | #0|aHealth at a glance,|x1925-6493|w(CaOODSP)9.506361 |
| 856 | 40|ahttp://publications.gc.ca|qPDF|s2.52 MB|uhttps://publications.gc.ca/collections/collection_2015/statcan/82-624-x/CS82-624-x2015001-2-eng.pdf |